000 00621nam a2200217 i 4500
001 80766
003 ES-MaACL
005 20250710062724.0
007 t|
008 041029s1958 fr ||||1| fre d
100 1 _aHourticq, Louis.
_964341
245 1 0 _aHistoire de la Scupture /
_cpar Louis Hourticq.
250 _a[3ème ed.].
260 _aParis :
_bPresses Universitaires de France,
_c1958.
300 _a128 p. ;
_c18 cm.
490 1 _aQue sais-je? ;
_v74
650 4 _aEscultura-
_vHistoria.
_9151066
830 0 0 _aQue sais-je?
_v74
_9180931
852 _aES-MaACL
_jC-15591
_bR.43422
999 _c80766
_d80766